Aspekty zdaňovania poistenia z pohľadu finančnej vedy
Zavedenie dane z poistenia. Podstata dane a daňová spravodlivosť. Príjem subjektov dopytu a cena poistných produktov. Nelichotivé ukazovatele poistného trhu v podmienkach Slovenskej republiky. Rastúce zadlžovanie Slovákov. Behaviorálne aspekty v rozhodovaní sa o kúpe poistenia.
Gespeichert in:
| 1. Verfasser: | |
|---|---|
| Weitere Verfasser: | |
| Format: | Buchkapitel |
| Sprache: | Slowakisch |
| Schlagworte: | |
| Tags: |
Keine Tags, Fügen Sie das erste Tag hinzu!
|
MARC
| LEADER | 00000naa a2200000 4500 | ||
|---|---|---|---|
| 001 | 0249747 | ||
| 005 | 20240502074010.1 | ||
| 041 | 0 | |a slo | |
| 044 | |a SK | ||
| 245 | 1 | 0 | |a Aspekty zdaňovania poistenia z pohľadu finančnej vedy |c Erika Pastoráková, Tomáš Ondruška |
| 520 | |a Zavedenie dane z poistenia. Podstata dane a daňová spravodlivosť. Príjem subjektov dopytu a cena poistných produktov. Nelichotivé ukazovatele poistného trhu v podmienkach Slovenskej republiky. Rastúce zadlžovanie Slovákov. Behaviorálne aspekty v rozhodovaní sa o kúpe poistenia. | ||
| 610 | 2 | 0 | |a dane |
| 610 | 2 | 0 | |a zdaňovanie |
| 610 | 2 | 0 | |a poistenie |
| 610 | 2 | 0 | |a poisťovníctvo |
| 610 | 2 | 0 | |a poistníci |
| 610 | 2 | 0 | |a poistné |
| 610 | 2 | 0 | |a dlhy |
| 610 | 2 | 0 | |a dlžníci |
| 610 | 2 | 0 | |a Slovensko |
| 100 | 1 | |a Pastoráková, Erika, 1972- | |
| 700 | 1 | |a Ondruška, Tomáš, 1988- | |